Asesoras es para la igualdad de oportunidades
Guardat en:
| Autor corporatiu: | |
|---|---|
| Format: | Text |
| Publicat: |
Madrid:
CC.OO
|
| Etiquetes: |
Afegir etiqueta
Sense etiquetes, Sigues el primer a etiquetar aquest registre!
|
MARC
| LEADER | 00000 a a2200000 04500 | ||
|---|---|---|---|
| 001 | 23206 | ||
| 003 | |||
| 040 | |||
| 090 | |a 160500 | ||
| 110 | |a Secretaría Confederal de la mujer de comisiones obreras | ||
| 245 | |a Asesoras es para la igualdad de oportunidades | ||
| 260 | |a Madrid: |b CC.OO | ||
| 300 | |a 88 p. | ||
| 999 | |c 15256 |d 15256 | ||
